Knowledge and the Sacred (Record no. 8246)

MARC details
000 -LEADER
fixed length control field 00611nam a2200241 a 4500
020 ## - INTERNATIONAL STANDARD BOOK NUMBER
ISBN 0791474
082 00 - DEWEY DECIMAL CLASSIFICATION NUMBER
Classification number 200.1
Author Cutter NAS
100 ## - MAIN ENTRY--AUTHOR NAME
Author name Nasr, Deyyed Hossein
245 ## - TITLE STATEMENT
Title Knowledge and the Sacred
260 ## - PUBLICATION, DISTRIBUTION, ETC. (IMPRINT)
Place of publication Albany
Name of publisher State University of New York
Year of publication 1989
300 ## - PHYSICAL DESCRIPTION
Number of Pages 341p
500 ## - GENERAL NOTE
General note includes index and biblioraphy
505 2# - FORMATTED CONTENTS NOTE
Formatted contents note Index
650 ## - SUBJECT ADDED ENTRY--TOPICAL TERM
Topical Term Religion-Philosophy
942 ## - ADDED ENTRY ELEMENTS (KOHA)
Koha item type Books
700 1# -
-- Nasr, Deyyed Hossein
Holdings
Collection code Home library Current library Date acquired Cost, normal purchase price Full call number Accession Number Koha item type
  Henry Martyn Institute Library Henry Martyn Institute Library 03/19/2007 352.50 200.1 NAS 014976 Books
                   Copyright © 2026 | Henry Martyn Institute | Hyderabad | TS-500052 | INDIA | Implemented by hmi.edu.in
Hit-Count:

Powered by Koha